Studia iuridica. (Record no. 148633)
[ view plain ]
| 000 -LEADER | |
|---|---|
| campo de control de longitud fija | 00483nam a2200169 4500 |
| 001 - NÚMERO DE CONTROL | |
| campo de control | 148633 |
| 003 - IDENTIFICADOR DE NÚMERO DE CONTROL | |
| campo de control | ES-MaACL |
| 005 - FECHA Y HORA DE LA ÚLTIMA TRANSACCIÓN | |
| campo de control | 20230906202733.0 |
| 007 - CAMPO FIJO DE DESCRIPCIÓN FÍSICA--INFORMACIÓN GENERAL | |
| campo de control de longitud fija | t| |
| 008 - DATOS DE LONGITUD FIJA--INFORMACIÓN GENERAL | |
| campo de control de longitud fija | 070214s1957 ve r ||||1| spa d |
| 245 00 - MENCIÓN DEL TÍTULO | |
| Título | Studia iuridica. |
| Número de parte o sección de la obra | , . 1. |
| 260 ## - PUBLICACIÓN, DISTRIBUCIÓN, ETC. | |
| Lugar de publicación, distribución, etc. | Caracas : |
| Nombre del editor, distribuidor, etc. | Universidad Central de Venezuela, |
| Fecha de publicación, distribución, etc. | 1957 ( |
| Fabricante | Sucre) |
| 300 ## - DESCRIPCIÓN FÍSICA | |
| Extensión | 538 p. ; |
| Dimensiones | 23 cm. |
| 500 ## - NOTA GENERAL | |
| Nota general | Publicación anual. |
| 710 2# - ENTRADA AGREGADA--NOMBRE DE ENTIDAD CORPORATIVA | |
| Nombre de entidad corporativa o nombre de jurisdicción como elemento de entrada | Universidad Central de Venezuela. |
| 9 (RLIN) | 7083 |
| 852 ## - LOCALIZACIÓN | |
| Ubicación | ES-MaACL |
| Número de control de estantería | P-803 |
| Sublocalización o colección | R.47358 |
| Estatus retirado | Estado de pérdida | Estado de daño | No para préstamo | Biblioteca de origen | Biblioteca actual | Ubicación en estantería | Fecha de adquisición | Fuente de adquisición | Total de préstamos | Signatura topográfica completa | Código de barras | Visto por última vez | Precio de reemplazo | Tipo de ítem Koha |
|---|---|---|---|---|---|---|---|---|---|---|---|---|---|---|
| Biblioteca del Ateneo de Madrid | Biblioteca del Ateneo de Madrid | Depósito 2 | 17/01/2008 | P-803 | 1155107 | 23/02/2023 | 23/02/2023 | Libro impreso |
